[Event "3. ODEM U25 2006"]
[Site "Willingen GER"]
[Date "2006.06.04"]
[Round "2"]
[White "Yin, Zixiao"]
[Black "Rau, Hannes"]
[Result "0-1"]
[Termination "normal"]
[Board "1"]
[BlackTitle "IM"]
[WhiteElo "1898"]
[BlackElo "2395"]
[PlyCount "34"]
[WhiteFideId "24622729"]
[BlackFideId "4657594"]
[EventCountry "GER"]
[EventRounds "9"]
[EventType "swiss"]
[EventDate "2006.06.03"]

1. g4 d5 2. Bg2 c6 3. g5 h6 4. d4 Bf5 5. h4 e6 6. Nf3 Nd7 7. c3 Bd6 8. Nbd2 Ne7
9. Ng1 hxg5 10. hxg5 Rxh1 11. Bxh1 Bg6 12. e4 e5 13. exd5 cxd5 14. dxe5 Nxe5
15. Qa4+ Kf8 16. Ngf3 Nd3+ 17. Kf1 Qb6 0-1

[Event "3. ODEM U25 2006"]
[Site "Willingen GER"]
[Date "2006.06.04"]
[Round "2"]
[White "Lantzsch, Christian"]
[Black "Dorn, Matthias"]
[Result "0-1"]
[Termination "normal"]
[Board "2"]
[WhiteElo "2210"]
[BlackElo "1893"]
[PlyCount "88"]
[WhiteFideId "4659821"]
[BlackFideId "24600695"]
[EventCountry "GER"]
[EventRounds "9"]
[EventType "swiss"]
[EventDate "2006.06.03"]

1. g3 f5 2. d4 Nf6 3. Bg2 g6 4. c4 Bg7 5. Nc3 O-O 6. Nf3 d6 7. O-O Qe8 8. d5 a5
9. Be3 Na6 10. Qd2 Ng4 11. Bd4 Bh6 12. Qd1 c5 13. dxc6 bxc6 14. Bb6 Rb8 15.
Bxa5 Rxb2 16. Na4 Rb8 17. Nd4 Bd7 18. Nb6 Ne5 19. f4 Ng4 20. Qd2 Bg7 21. h3 c5
22. Nxd7 Bxd4+ 23. Kh1 Qxd7 24. hxg4 Bxa1 25. Rxa1 fxg4 26. Bc3 e6 27. Be4 Nc7
28. Kg2 Ne8 29. Rh1 Nf6 30. Bc2 Qc6+ 31. Kg1 Ne4 32. Qd3 Nxc3 33. Qxc3 e5 34.
Qe3 Rb2 35. Be4 Qd7 36. fxe5 Rxa2 37. Bd5+ Kh8 38. Kg2 dxe5 39. Rb1 Qe7 40. Rb7
Qf6 41. Rb1 e4 42. Re1 Ra1 43. Rxa1 Qxa1 44. Kh2 Rf5 0-1

[Event "3. ODEM U25 2006"]
[Site "Willingen GER"]
[Date "2006.06.04"]
[Round "2"]
[White "Rath, Oliver"]
[Black "Daum, Norman"]
[Result "1-0"]
[Termination "normal"]
[Board "3"]
[WhiteElo "1887"]
[BlackElo "2150"]
[PlyCount "103"]
[WhiteFideId "24610380"]
[BlackFideId "4690052"]
[EventCountry "GER"]
[EventRounds "9"]
[EventType "swiss"]
[EventDate "2006.06.03"]

1. d4 d5 2. c4 e6 3. Nc3 f5 4. Nf3 Nf6 5. Bg5 c6 6. e3 Bd6 7. Bd3 Nbd7 8. cxd5
cxd5 9. O-O O-O 10. Nb5 Bb8 11. Rc1 a6 12. Nc3 b5 13. b4 Nb6 14. a4 Nc4 15.
axb5 axb5 16. Ra1 Rxa1 17. Qxa1 Qb6 18. Qa2 Ne4 19. Bxe4 fxe4 20. Nd2 Bd6 21.
Rb1 Bd7 22. Nxc4 bxc4 23. b5 Rb8 24. Bh4 Rb7 25. Qa8+ Rb8 26. Qa2 Rb7 27. Qa8+
Kf7 28. Bd8 Qa7 29. Qxa7 Rxa7 30. b6 Ra3 31. Nd1 Bc6 32. Kf1 Rb3 33. Rxb3 cxb3
34. Ke2 Ke8 35. Bc7 Bb4 36. Nb2 Bc3 37. Na4 Bb5+ 38. Kd1 Ba5 39. Nc5 Bc6 40.
Nxb3 Bb4 41. Nc5 Bxc5 42. dxc5 Kf7 43. Be5 g5 44. Kd2 Kg6 45. g4 h5 46. h3 hxg4
47. hxg4 Kf7 48. Kc3 Ke7 49. Kb4 Kd7 50. Bf6 Bb7 51. Bxg5 e5 52. Bf6 1-0

[Event "3. ODEM U25 2006"]
[Site "Willingen GER"]
[Date "2006.06.04"]
[Round "2"]
[White "Stotyn, Fabian"]
[Black "Schmitt, Philipp"]
[Result "1/2-1/2"]
[Termination "normal"]
[Board "4"]
[WhiteElo "2129"]
[BlackElo "1887"]
[PlyCount "91"]
[WhiteFideId "24611646"]
[BlackFideId "24641766"]
[EventCountry "GER"]
[EventRounds "9"]
[EventType "swiss"]
[EventDate "2006.06.03"]

1. e4 e6 2. Nf3 d5 3. e5 c5 4. b4 cxb4 5. a3 Nc6 6. axb4 Bxb4 7. c3 Be7 8. d4
f6 9. Bd3 fxe5 10. dxe5 Nh6 11. Bxh6 gxh6 12. O-O O-O 13. Re1 Rf7 14. Nbd2 Kh8
15. Nf1 Rg7 16. Ng3 Qg8 17. Ra4 Bd7 18. Rf4 Rf8 19. Rxf8 Bxf8 20. Qd2 Be8 21.
Nh4 Rg4 22. Nf3 h5 23. h3 Rg7 24. Kh1 Be7 25. Qh6 h4 26. Nh5 Rxg2 27. Nf6 Bxf6
28. exf6 Bf7 29. Bxh7 Qxh7 30. Qxh7+ Kxh7 31. Kxg2 Kg6 32. Nxh4+ Kxf6 33. Rb1
b6 34. Ra1 e5 35. Kf3 d4 36. cxd4 Bd5+ 37. Ke3 exd4+ 38. Kf4 b5 39. Nf5 a5 40.
Nd6 b4 41. Ne4+ Ke6 42. h4 b3 43. Nd2 b2 44. Re1+ Kf6 45. Nb1 a4 46. Na3
1/2-1/2

[Event "3. ODEM U25 2006"]
[Site "Willingen GER"]
[Date "2006.06.04"]
[Round "2"]
[White "Willems, Sebastian"]
[Black "Seyb, Alexander"]
[Result "1-0"]
[Termination "normal"]
[Board "5"]
[WhiteElo "1886"]
[BlackElo "2122"]
[PlyCount "93"]
[BlackFideId "4699033"]
[EventCountry "GER"]
[EventRounds "9"]
[EventType "swiss"]
[EventDate "2006.06.03"]

1. c4 Nf6 2. Nc3 e6 3. e4 d5 4. e5 Ne4 5. Qc2 Nxc3 6. bxc3 c5 7. Nf3 Nc6 8. Rb1
Be7 9. Be2 O-O 10. O-O d4 11. cxd4 cxd4 12. Qe4 f6 13. exf6 Bxf6 14. Rb5 a6 15.
Rb3 Qa5 16. Bd3 g6 17. Bb1 Bg7 18. h4 Qf5 19. Qe2 Qg4 20. Qe4 Rf4 21. Qe1 e5
22. Nh2 Qe6 23. g3 Rf7 24. Qe2 Na5 25. Rb4 Bd7 26. Be4 Bc6 27. d3 Raf8 28. Bxc6
Nxc6 29. Rb6 h5 30. Kg2 Qf5 31. Ba3 Re8 32. f3 g5 33. hxg5 Qxg5 34. Bc1 Qd8 35.
Rb3 h4 36. Ng4 Re6 37. Rh1 hxg3 38. Kxg3 Qa5 39. Qe4 Qxa2 40. Qh7+ Kf8 41. Ba3+
Ne7 42. Rxb7 Qxa3 43. Rb8+ Nc8 44. Rxc8+ Re8 45. Rxe8+ Kxe8 46. Qg6 Kf8 47. Rb1
1-0

[Event "3. ODEM U25 2006"]
[Site "Willingen GER"]
[Date "2006.06.04"]
[Round "2"]
[White "Nuber, Korbinian"]
[Black "Jorczik, Andreas"]
[Result "1-0"]
[Termination "normal"]
[Board "6"]
[WhiteElo "2121"]
[BlackElo "1867"]
[PlyCount "57"]
[WhiteFideId "24607231"]
[BlackFideId "24634921"]
[EventCountry "GER"]
[EventRounds "9"]
[EventType "swiss"]
[EventDate "2006.06.03"]

1. e4 c5 2. Nc3 e6 3. Nf3 Nc6 4. g3 Nge7 5. Bg2 g6 6. d3 Bg7 7. O-O O-O 8. Be3
b6 9. Qd2 f5 10. Bh6 Bb7 11. Bxg7 Kxg7 12. d4 cxd4 13. Nxd4 fxe4 14. Nxe4 Nf5
15. Nxf5+ exf5 16. Nd6 Ba6 17. Rfe1 Qf6 18. c3 Rab8 19. Rad1 Rbd8 20. b4 Ne7
21. b5 Bc8 22. f4 h6 23. Re2 a6 24. a4 axb5 25. axb5 Rg8 26. Rde1 Kf8 27. Rxe7
Qxe7 28. Rxe7 Kxe7 29. Qd4 1-0

[Event "3. ODEM U25 2006"]
[Site "Willingen GER"]
[Date "2006.06.04"]
[Round "2"]
[White "Koksch, Florian"]
[Black "Stuhl, Alexander"]
[Result "1-0"]
[Termination "normal"]
[Board "7"]
[WhiteElo "1847"]
[BlackElo "2115"]
[PlyCount "49"]
[WhiteFideId "24613584"]
[BlackFideId "24601373"]
[EventCountry "GER"]
[EventRounds "9"]
[EventType "swiss"]
[EventDate "2006.06.03"]

1. e4 e5 2. Nf3 Nf6 3. Nc3 Nc6 4. Bb5 Bb4 5. O-O Qe7 6. d3 O-O 7. Bg5 Bxc3 8.
bxc3 Nd8 9. Nh4 d6 10. Bc4 h6 11. Ng6 Qe8 12. Bxf6 gxf6 13. Nxf8 Qxf8 14. f4
Qg7 15. f5 c6 16. Rf3 Kh7 17. Rg3 Qf8 18. Qh5 b6 19. Qh4 Qh8 20. Rf1 a5 21. a3
b5 22. Bb3 c5 23. Rff3 Bb7 24. Rg4 a4 25. Rh3 1-0

[Event "3. ODEM U25 2006"]
[Site "Willingen GER"]
[Date "2006.06.04"]
[Round "2"]
[White "Coenen, Michael"]
[Black "Jung, Gerhard"]
[Result "1-0"]
[Termination "normal"]
[Board "8"]
[WhiteElo "2109"]
[BlackElo "1836"]
[PlyCount "35"]
[WhiteFideId "4697367"]
[BlackFideId "24629812"]
[EventCountry "GER"]
[EventRounds "9"]
[EventType "swiss"]
[EventDate "2006.06.03"]

1. c4 Nf6 2. g3 g6 3. Bg2 Bg7 4. e4 d6 5. Nc3 O-O 6. Nge2 e5 7. O-O Nc6 8. f4
Be6 9. d3 Qc8 10. Nd5 Kh8 11. fxe5 Ng4 12. exd6 cxd6 13. Rb1 Nd4 14. b3 Qc5 15.
Kh1 Nxh2 16. b4 Qc8 17. Kxh2 Bg4 18. Ndc3 1-0

[Event "3. ODEM U25 2006"]
[Site "Willingen GER"]
[Date "2006.06.04"]
[Round "2"]
[White "Onasch, Paul"]
[Black "Grüner, Sven"]
[Result "1/2-1/2"]
[Termination "normal"]
[Board "9"]
[WhiteElo "1798"]
[BlackElo "2107"]
[PlyCount "54"]
[WhiteFideId "24647896"]
[BlackFideId "4687221"]
[EventCountry "GER"]
[EventRounds "9"]
[EventType "swiss"]
[EventDate "2006.06.03"]

1. d4 d5 2. Nf3 c6 3. e3 Nf6 4. Nbd2 Bg4 5. Be2 Nbd7 6. O-O e6 7. c4 Be7 8. b3
O-O 9. Bb2 c5 10. Rc1 Rc8 11. dxc5 Nxc5 12. Nd4 Nd3 13. Rb1 Nxb2 14. Rxb2 Bxe2
15. Qxe2 Bb4 16. Rd1 Qe7 17. N4f3 Rfd8 18. Rdb1 dxc4 19. bxc4 Rc7 20. Nd4 Rcd7
21. f3 Bxd2 22. Rxd2 e5 23. Nf5 Qe6 24. Rxd7 Rxd7 25. e4 g6 26. Ne3 Kg7 27. Nd5
Qd6 1/2-1/2

[Event "3. ODEM U25 2006"]
[Site "Willingen GER"]
[Date "2006.06.04"]
[Round "2"]
[White "Zentgraf, Robert"]
[Black "Billing, Alexander"]
[Result "1/2-1/2"]
[Termination "normal"]
[Board "10"]
[WhiteElo "2106"]
[BlackElo "1790"]
[PlyCount "40"]
[WhiteFideId "4676483"]
[BlackFideId "24624420"]
[EventCountry "GER"]
[EventRounds "9"]
[EventType "swiss"]
[EventDate "2006.06.03"]

1. e4 e6 2. d4 d5 3. Nc3 Bb4 4. Nge2 dxe4 5. a3 Be7 6. Nxe4 Nf6 7. N2g3 O-O 8.
c3 b6 9. Bd3 Ba6 10. Bxa6 Nxa6 11. Qd3 Nc5 12. Nxc5 Bxc5 13. O-O e5 14. Rd1
exd4 15. cxd4 Re8 16. Be3 Bd6 17. Nf5 Nd5 18. Nxd6 Qxd6 19. Bd2 Rad8 20. Rac1
Nf4 1/2-1/2

[Event "3. ODEM U25 2006"]
[Site "Willingen GER"]
[Date "2006.06.04"]
[Round "2"]
[White "Huhnstock, Rico"]
[Black "Billing, Christian"]
[Result "0-1"]
[Termination "normal"]
[Board "11"]
[WhiteElo "1795"]
[BlackElo "2080"]
[PlyCount "54"]
[WhiteFideId "24642932"]
[BlackFideId "4697294"]
[EventCountry "GER"]
[EventRounds "9"]
[EventType "swiss"]
[EventDate "2006.06.03"]

1. e4 d5 2. exd5 Qxd5 3. Nc3 Qa5 4. d4 c6 5. Bc4 Bf5 6. Bd2 e6 7. Nge2 Nf6 8.
O-O Qc7 9. Bf4 Bd6 10. Bxd6 Qxd6 11. Re1 O-O 12. Ng3 Bg6 13. Nce4 Nxe4 14. Nxe4
Qc7 15. c3 Nd7 16. Bd3 Rad8 17. Qc2 e5 18. dxe5 Nxe5 19. Bf1 Rfe8 20. Rad1 h5
21. h3 Re6 22. Qb3 Rxd1 23. Qxd1 Bxe4 24. Rxe4 Ng4 25. Bd3 Qh2+ 26. Kf1 Rxe4
27. Bxe4 Qh1+ 0-1

[Event "3. ODEM U25 2006"]
[Site "Willingen GER"]
[Date "2006.06.04"]
[Round "2"]
[White "Rittemann, Steffen"]
[Black "Klebanov, Andrej"]
[Result "1-0"]
[Termination "normal"]
[Board "12"]
[WhiteElo "2060"]
[BlackElo "1758"]
[PlyCount "35"]
[WhiteFideId "24620009"]
[BlackFideId "24669989"]
[EventCountry "GER"]
[EventRounds "9"]
[EventType "swiss"]
[EventDate "2006.06.03"]

1. e4 e6 2. d4 d5 3. Nd2 c5 4. exd5 exd5 5. Ngf3 Nf6 6. c3 Nc6 7. Bb5 Qb6 8.
Qe2+ Be7 9. dxc5 Qxc5 10. Nb3 Qd6 11. O-O a6 12. Bxc6+ bxc6 13. Re1 Bg4 14.
Nbd4 Ra7 15. h3 Bxf3 16. Qxf3 g6 17. Bf4 Qd7 18. Be5 1-0

[Event "3. ODEM U25 2006"]
[Site "Willingen GER"]
[Date "2006.06.04"]
[Round "2"]
[White "Bissbort, Julian"]
[Black "Elser, Niklas"]
[Result "1-0"]
[Termination "normal"]
[Board "13"]
[WhiteElo "2042"]
[BlackElo "1709"]
[PlyCount "105"]
[WhiteFideId "24618144"]
[BlackFideId "24634573"]
[EventCountry "GER"]
[EventRounds "9"]
[EventType "swiss"]
[EventDate "2006.06.03"]

1. e4 c5 2. c3 d5 3. exd5 Qxd5 4. d4 Nf6 5. Nf3 g6 6. Be2 Bg7 7. c4 Qd8 8. d5
e6 9. Nc3 exd5 10. cxd5 a6 11. O-O O-O 12. Bg5 Qb6 13. d6 Be6 14. Na4 Qa5 15.
Bd2 Qd8 16. Nxc5 Qxd6 17. Bb4 Bd5 18. Nd3 Qb6 19. Bxf8 Bxf8 20. Nf4 Bc6 21. Qd4
Nbd7 22. Qxb6 Nxb6 23. Rad1 Re8 24. Nd4 Bh6 25. Nd3 Bd5 26. Bf3 Ne4 27. Nb4 Bc4
28. Rfe1 f5 29. b3 Bf7 30. g4 Bd2 31. Rxd2 Nxd2 32. Rxe8+ Bxe8 33. Bxb7 a5 34.
Nd5 Nd7 35. gxf5 gxf5 36. Ne7+ Kf8 37. Nexf5 Nc5 38. Bd5 Bf7 39. Ne3 Nb1 40.
Bxf7 Kxf7 41. Nc4 Nc3 42. a4 N3xa4 43. bxa4 Nxa4 44. Nxa5 Nc5 45. Nc4 Kf6 46.
Kg2 Kg5 47. Kg3 Nd3 48. Nf3+ Kh5 49. Ne3 Nc5 50. Nd2 h6 51. h4 Nd3 52. Ne4 Ne5
53. f4 1-0

[Event "3. ODEM U25 2006"]
[Site "Willingen GER"]
[Date "2006.06.04"]
[Round "2"]
[White "Armbrust, Matthias"]
[Black "Schneider, Christian"]
[Result "1/2-1/2"]
[Termination "normal"]
[Board "14"]
[WhiteElo "1739"]
[BlackElo "2039"]
[PlyCount "62"]
[BlackFideId "24613886"]
[EventCountry "GER"]
[EventRounds "9"]
[EventType "swiss"]
[EventDate "2006.06.03"]

1. e4 c6 2. d4 d5 3. e5 Bf5 4. g4 Bg6 5. h4 h5 6. e6 Qd6 7. exf7+ Bxf7 8. Bd3
e5 9. dxe5 Qxe5+ 10. Qe2 Nd7 11. Bf4 Qxe2+ 12. Bxe2 O-O-O 13. Nd2 Bc5 14. Bg3
hxg4 15. Bxg4 Ngf6 16. Be2 Bh5 17. O-O-O Rde8 18. Bxh5 Rxh5 19. Ngf3 Ng4 20.
Rhf1 Rf5 21. Rde1 Rxe1+ 22. Rxe1 Ndf6 23. Re2 Kd7 24. Kd1 Ne4 25. Nxe4 dxe4 26.
Rxe4 Nxf2+ 27. Bxf2 Bxf2 28. Ne5+ Kc7 29. Nd3 Kb6 30. Nxf2 Rxf2 31. Rg4 Rh2
1/2-1/2

[Event "3. ODEM U25 2006"]
[Site "Willingen GER"]
[Date "2006.06.04"]
[Round "2"]
[White "Geshnizjani, Ramin"]
[Black "Quaschner, Tobias"]
[Result "1/2-1/2"]
[Termination "normal"]
[Board "15"]
[WhiteElo "2035"]
[BlackElo "1693"]
[PlyCount "87"]
[WhiteFideId "24633089"]
[BlackFideId "24646989"]
[EventCountry "GER"]
[EventRounds "9"]
[EventType "swiss"]
[EventDate "2006.06.03"]

1. e4 c5 2. Nf3 e6 3. d4 cxd4 4. Nxd4 a6 5. Bd3 d6 6. O-O Nf6 7. c4 b6 8. Nc3
Bb7 9. Be3 Nbd7 10. Rc1 Nc5 11. f3 Nxd3 12. Qxd3 Rc8 13. f4 Qc7 14. b3 Be7 15.
f5 e5 16. Nd5 Qd8 17. Nc2 Nd7 18. Qe2 Bxd5 19. cxd5 a5 20. Na3 O-O 21. Nc4 Rb8
22. Qd2 h6 23. a3 Nc5 24. Bxc5 bxc5 25. Rb1 Ra8 26. b4 axb4 27. axb4 cxb4 28.
Rxb4 Qc7 29. Rfb1 Rfb8 30. h3 Rxb4 31. Qxb4 Rc8 32. Na5 Qc5+ 33. Kh2 Qxb4 34.
Rxb4 Rc5 35. Nc6 Bg5 36. Rb8+ Kh7 37. Nd8 Bxd8 38. Rxd8 Rc4 39. Rxd6 Rxe4 40.
Rd8 Rd4 41. d6 Rd3 42. d7 f6 43. h4 h5 44. g3 1/2-1/2

[Event "3. ODEM U25 2006"]
[Site "Willingen GER"]
[Date "2006.06.04"]
[Round "2"]
[White "Mertens, Fridolin"]
[Black "Patzer, Stefan"]
[Result "0-1"]
[Termination "normal"]
[Board "16"]
[WhiteElo "1694"]
[BlackElo "2033"]
[PlyCount "60"]
[WhiteFideId "24671940"]
[BlackFideId "24601209"]
[EventCountry "GER"]
[EventRounds "9"]
[EventType "swiss"]
[EventDate "2006.06.03"]

1. e4 e5 2. Nf3 f5 3. exf5 e4 4. Nd4 Qf6 5. Qh5+ g6 6. fxg6 hxg6 7. Qd5 Ne7 8.
Qxe4 Rh4 9. Qf3 Qxd4 10. Nc3 Nbc6 11. d3 Qe5+ 12. Be2 Nd4 13. Qg3 Qxg3 14. fxg3
Rh8 15. Kd1 d6 16. Be3 Nef5 17. Bg5 Be7 18. Bxe7 Kxe7 19. Nd5+ Kd8 20. Nf4 g5
21. Nd5 Nxg3 22. Re1 Ngxe2 23. Rxe2 Nxe2 24. Kxe2 Rxh2 25. Kf3 c6 26. Nc3 Bf5
27. Rf1 Rh8 28. Kg3 Be6 29. Ne4 Ke7 30. Rf6 d5 0-1

[Event "3. ODEM U25 2006"]
[Site "Willingen GER"]
[Date "2006.06.04"]
[Round "2"]
[White "Linsenmeyer, Mario"]
[Black "Kling, Felix"]
[Result "1-0"]
[Termination "normal"]
[Board "17"]
[WhiteElo "2022"]
[BlackElo "1684"]
[PlyCount "127"]
[WhiteFideId "24635138"]
[EventCountry "GER"]
[EventRounds "9"]
[EventType "swiss"]
[EventDate "2006.06.03"]

1. e4 d6 2. d4 Nf6 3. Nc3 e5 4. Nf3 exd4 5. Nxd4 Be7 6. Be2 O-O 7. O-O Re8 8.
f4 Bf8 9. Bf3 c5 10. Nb3 Nc6 11. Re1 a5 12. a4 Be6 13. Be3 Bxb3 14. cxb3 Qb6
15. Bf2 Rad8 16. Nb5 Nb4 17. Qe2 Nxe4 18. Bxe4 d5 19. Bxh7+ Kxh7 20. Qf3 Qf6
21. Qh5+ Kg8 22. Bh4 Rxe1+ 23. Rxe1 Qxf4 24. Bxd8 Nd3 25. Qh4 Qd2 26. Bxa5 Qxa5
27. Re8 f6 28. Nc3 Kf7 29. Qh5+ g6 30. Rxf8+ Kxf8 31. Qxg6 Nxb2 32. Qxf6+ Kg8
33. Qe6+ Kh7 34. Qe7+ Kh8 35. Qe5+ Kh7 36. Nxd5 Qd2 37. Qe7+ Kh8 38. Qf8+ Kh7
39. Qf7+ Kh8 40. Qe8+ Kh7 41. Qd7+ Kh8 42. Qc8+ Kh7 43. Qxb7+ Kh8 44. Qc8+ Kg7
45. Qd7+ Kh8 46. Qh3+ Kg8 47. Qg3+ Kh7 48. Nf6+ Kh6 49. Ng4+ Kh7 50. Qh3+ Kg6
51. Qh6+ Qxh6 52. Nxh6 Kxh6 53. a5 c4 54. bxc4 Nxc4 55. a6 Kg6 56. a7 Nb6 57.
Kf2 Kf5 58. h4 Kg4 59. g3 Kh5 60. Kf3 Kg6 61. g4 Kh6 62. Ke4 Kg6 63. Kd4 Na8
64. Kc5 1-0

[Event "3. ODEM U25 2006"]
[Site "Willingen GER"]
[Date "2006.06.04"]
[Round "2"]
[White "Gonnermann, Jan"]
[Black "Held, Florian"]
[Result "0-1"]
[Termination "normal"]
[Board "18"]
[WhiteElo "1689"]
[BlackElo "2016"]
[PlyCount "106"]
[WhiteFideId "24646830"]
[BlackFideId "24629090"]
[EventCountry "GER"]
[EventRounds "9"]
[EventType "swiss"]
[EventDate "2006.06.03"]

1. e4 c5 2. Nf3 d6 3. d4 cxd4 4. Nxd4 Nf6 5. Nc3 a6 6. Be3 e6 7. Bd3 b5 8. Qe2
Bb7 9. Bd2 Nbd7 10. Nb3 Be7 11. O-O O-O 12. a4 b4 13. Na2 a5 14. c3 Ne5 15. Bc2
Ba6 16. Qe1 Bxf1 17. Qxf1 d5 18. exd5 Nxd5 19. Qe2 Ng6 20. Nd4 bxc3 21. Nxc3
Nb4 22. Be3 Nxc2 23. Qxc2 Qc7 24. Ndb5 Qb7 25. Qe2 Nh4 26. f3 Nf5 27. Bf2 Rfd8
28. Rb1 Nd6 29. Nd4 Rac8 30. Nd1 Qb4 31. b3 Nf5 32. Nxf5 exf5 33. Be1 Bc5+ 34.
Kh1 Qb6 35. Nc3 Re8 36. Qf1 Bd4 37. Nb5 Be5 38. Qd3 Qh6 39. g3 f4 40. g4 Rcd8
41. Qc2 Rc8 42. Qf2 Qg6 43. Rd1 Rc2 44. Rd2 Rc1 45. Kg2 h5 46. h3 hxg4 47. hxg4
Bf6 48. Re2 Rxe2 49. Qxe2 Rc2 50. Bd2 Bb2 51. Kf1 Bc1 52. Qe8+ Kh7 53. Bxc1
Qd3+ 0-1

[Event "3. ODEM U25 2006"]
[Site "Willingen GER"]
[Date "2006.06.04"]
[Round "2"]
[White "Knickel, Aaron"]
[Black "Bergner, Philipp"]
[Result "1-0"]
[Termination "normal"]
[Board "19"]
[WhiteElo "2007"]
[BlackElo "1668"]
[PlyCount "49"]
[WhiteFideId "24605298"]
[BlackFideId "24664839"]
[EventCountry "GER"]
[EventRounds "9"]
[EventType "swiss"]
[EventDate "2006.06.03"]

1. e4 c5 2. Nf3 d6 3. d4 cxd4 4. Nxd4 Nf6 5. Nc3 a6 6. a4 e6 7. Be2 Be7 8. O-O
Nc6 9. Nb3 Bd7 10. Be3 Na5 11. Nxa5 Qxa5 12. f4 Rc8 13. Bf3 e5 14. f5 h5 15.
Qd2 d5 16. exd5 Bb4 17. Qf2 Bxc3 18. bxc3 Qxc3 19. Rfe1 Qxc2 20. Qg3 Qxf5 21.
Bc5 e4 22. Qd6 Kd8 23. Rac1 Qxd5 24. Qe7+ Kc7 25. Ba7+ 1-0

[Event "3. ODEM U25 2006"]
[Site "Willingen GER"]
[Date "2006.06.04"]
[Round "2"]
[White "Weißbeck, Simon"]
[Black "Stratonowitsch, Andre"]
[Result "0-1"]
[Termination "normal"]
[Board "20"]
[WhiteElo "1672"]
[BlackElo "1990"]
[PlyCount "66"]
[WhiteFideId "24646865"]
[BlackFideId "24613959"]
[EventCountry "GER"]
[EventRounds "9"]
[EventType "swiss"]
[EventDate "2006.06.03"]

1. e4 c5 2. c3 d5 3. exd5 Qxd5 4. d4 Nc6 5. Nf3 Bg4 6. Be2 cxd4 7. cxd4 e6 8.
O-O Nf6 9. Nc3 Qd6 10. Be3 Be7 11. Rc1 O-O 12. Qd2 Rfd8 13. Rfd1 Nd5 14. Nxd5
Qxd5 15. h3 Bh5 16. a3 Rac8 17. Rc2 Bg6 18. Bd3 Bxd3 19. Qxd3 e5 20. Qf5 g6 21.
Qg4 f5 22. Qg3 f4 23. Bxf4 exf4 24. Qxf4 Rf8 25. Qe3 Bd6 26. Re2 Rce8 27. Qd3
Rxe2 28. Qxe2 Rf7 29. Qd2 Re7 30. Nh2 Bxh2+ 31. Kxh2 Re4 32. Re1 Qxd4 33. Qc1
Qe5+ 0-1

[Event "3. ODEM U25 2006"]
[Site "Willingen GER"]
[Date "2006.06.04"]
[Round "2"]
[White "Sancar, Kenan"]
[Black "Albers, Damian"]
[Result "0-1"]
[Termination "normal"]
[Board "21"]
[WhiteElo "1661"]
[BlackElo "1978"]
[PlyCount "112"]
[WhiteFideId "24647543"]
[BlackFideId "4695186"]
[EventCountry "GER"]
[EventRounds "9"]
[EventType "swiss"]
[EventDate "2006.06.03"]

1. e4 Nc6 2. d4 d5 3. Nc3 Nf6 4. e5 Nd7 5. Be3 Nb6 6. f4 h5 7. Be2 g6 8. Nf3
Bg4 9. O-O e6 10. Bf2 Be7 11. Qe1 Nb4 12. Rc1 Bxf3 13. Bxf3 Nc4 14. b3 Na3 15.
Bd1 Rc8 16. Qe2 Qd7 17. Na4 Na6 18. Qe3 c5 19. c3 cxd4 20. cxd4 Rxc1 21. Qxc1
Qc7 22. Be2 Nc2 23. Bxa6 bxa6 24. Be1 Ba3 25. Qd2 Nxe1 26. Rxe1 O-O 27. Kf2 Rc8
28. g3 Qb7 29. Qd3 Qb5 30. Ke3 Kf8 31. Qe2 Rc6 32. Rd1 Bb4 33. Rd3 Rc1 34. Rd1
Qxe2+ 35. Kxe2 Rc2+ 36. Ke3 Rxh2 37. Nc5 Bxc5 38. dxc5 Rc2 39. Kd4 Ke7 40. a4
Kd7 41. b4 Rc4+ 42. Ke3 Rxb4 43. Rc1 Kc6 44. a5 Rb3+ 45. Kd4 Rxg3 46. Rb1 Rf3
47. Rb8 Rxf4+ 48. Kc3 Kxc5 49. Rc8+ Kb5 50. Rb8+ Kxa5 51. Kb3 Rf3+ 52. Ka2 h4
53. Rb2 h3 54. Rh2 Rg3 55. Kb1 Rg1+ 56. Kb2 Rg2+ 0-1

[Event "3. ODEM U25 2006"]
[Site "Willingen GER"]
[Date "2006.06.04"]
[Round "2"]
[White "Kyas, Marcel"]
[Black "Kabitzke, Julian"]
[Result "1/2-1/2"]
[Termination "normal"]
[Board "23"]
[WhiteElo "1918"]
[BlackElo "1363"]
[PlyCount "123"]
[WhiteFideId "24642037"]
[BlackFideId "24669547"]
[EventCountry "GER"]
[EventRounds "9"]
[EventType "swiss"]
[EventDate "2006.06.03"]

1. d4 e6 2. c4 d5 3. Nc3 Nf6 4. Bf4 Bd6 5. Bg3 O-O 6. e3 b6 7. Bd3 dxc4 8. Bxc4
Bb7 9. Nf3 Bxg3 10. hxg3 Nbd7 11. Qc2 c5 12. O-O-O Qe7 13. Rh2 Rfd8 14. g4 Nf8
15. Rdh1 Nxg4 16. Rxh7 Nh6 17. R7xh6 gxh6 18. Rxh6 Bxf3 19. gxf3 Qg5 20. Rh3
Ng6 21. Rg3 Qh6 22. Bxe6 Kg7 23. Rh3 Qg5 24. Bg4 cxd4 25. Rh5 Qf6 26. Ne4 Qe7
27. Ng3 Kg8 28. Nf5 Qb4 29. Rh1 d3 30. Qc3 d2+ 31. Kd1 Qxc3 32. bxc3 Rab8 33.
Nd4 Rb7 34. Kxd2 Ne5 35. Rb1 Rd6 36. Kc2 Kf8 37. Rh1 Rg6 38. Nf5 Nxg4 39. Rh8+
Rg8 40. Rxg8+ Kxg8 41. fxg4 Kh7 42. c4 Kg6 43. f3 Rc7 44. Kb3 Rd7 45. Kc2 Rc7
46. Kb3 Rd7 47. Kb4 Rd1 48. Kb5 Rc1 49. Nd6 Rc3 50. Nc8 Rxe3 51. Nxa7 Ra3 52.
Kxb6 Rxa2 53. Nc6 Ra3 54. Kc5 Kg5 55. Nd4 Kf4 56. Kb6 Rd3 57. Nf5 Kxf3 58. c5
f6 59. c6 Kxg4 60. Ne7 Rc3 61. Nd5 Rb3+ 62. Ka7 1/2-1/2

[Event "3. ODEM U25 2006"]
[Site "Willingen GER"]
[Date "2006.06.04"]
[Round "2"]
[White "Lebeda, Lukas"]
[Black "Sonntag, Hermann"]
[Result "0-1"]
[Termination "normal"]
[Board "25"]
[WhiteElo "1253"]
[BlackElo "2047"]
[PlyCount "56"]
[BlackFideId "4695925"]
[EventCountry "GER"]
[EventRounds "9"]
[EventType "swiss"]
[EventDate "2006.06.03"]

1. c4 e5 2. g3 Nc6 3. Bg2 f5 4. d3 Nf6 5. Nc3 Bb4 6. Bd2 O-O 7. a3 Bxc3 8. Bxc3
d6 9. Nf3 Qe8 10. O-O Qh5 11. e3 Bd7 12. Nh4 Qh6 13. Bh3 g5 14. Bxf5 gxh4 15.
Bxd7 Nxd7 16. Qg4+ Qg7 17. Qxh4 Rf3 18. d4 Raf8 19. b4 R8f5 20. Ra2 Nf6 21.
dxe5 Nxe5 22. Bxe5 dxe5 23. c5 e4 24. Rd2 h6 25. Qh3 Ng4 26. Qg2 Nxe3 27. Qh3
Nxf1 28. Kxf1 e3 0-1

[Event "3. ODEM U25 2006"]
[Site "Willingen GER"]
[Date "2006.06.04"]
[Round "2"]
[White "Eigemann, Julian"]
[Black "Dalakian, Haroutioun"]
[Result "0-1"]
[Termination "normal"]
[Board "26"]
[WhiteElo "1468"]
[BlackElo "1953"]
[PlyCount "56"]
[WhiteFideId "24666599"]
[BlackFideId "24632058"]
[EventCountry "GER"]
[EventRounds "9"]
[EventType "swiss"]
[EventDate "2006.06.03"]

1. f4 Nf6 2. Nf3 c5 3. e3 e6 4. b3 a6 5. Bb2 d6 6. Be2 Nbd7 7. O-O b6 8. d3 Bb7
9. c4 Qc7 10. h3 Be7 11. Nbd2 e5 12. Nh4 O-O-O 13. Nf5 Bf8 14. Qe1 g6 15. Nh4
Be7 16. Ndf3 h6 17. fxe5 dxe5 18. Rd1 Rhe8 19. d4 exd4 20. exd4 Nh5 21. Ne5
Nxe5 22. dxe5 Bg5 23. Bxh5 gxh5 24. Nf5 Qc6 25. Rf3 Qg6 26. Nd6+ Rxd6 27. Rxd6
Qxd6 28. Rxf7 Qg6 0-1